00606 a2200193 4500260001000000630007900010650002100089100002100110440000700131260001400138245009900152300000900251650004400260260000900304300001000313100000800323440006800331037001300399 aParis a55 - Géologie. Sciences géologiques et géophisiques. Mètèologie  a5 - SCIENCE PURE aSlansky, Maurice n11 bTechnique aContribution à l'étude géologique du bassin sédimentaire côtier du Dahomey etdu Togo a241p aS&diment : géologie : Dahomey : Togo  c1962 b27 cm lFr. aMémoires du bureau de recherches géologiques et minières aL. 5000